• 首页
  • 本馆介绍
  • 公告通知
  • 最新文献
  • 馆藏检索
  • 电子资源
  • 读者导购
  • 参考咨询
  • 我的图书馆
  • 登录
  • 详细信息显示
  • 放入我的书架
  • 预约/预借图书
  • 作者相关作品
  • 分类相关作品
  • 丛书相关作品
  • 出版社相关作品

书目信息

  • 表格格式
  • 工作单格式
  • 卡片格式
题名:
当代儒学
    
 
作者: 杨永明, 主编
分册: 第17辑  
出版信息: 成都   四川人民出版社  2020.04
页数: 335页
开本: 24cm
丛书名:
单 册:
中图分类: B222.05
科图分类:
主题词: 儒学--ru xue--研究--中国
电子资源:
ISBN: 978-7-220-11822-7
000 00855nam 2200241 450
001 CAL 0120202986510
005 20230227184540.28
010    @a978-7-220-11822-7@dCNY75.00
100    @a20200519d2020 em y0chiy0120 ea
101 0  @achi@eeng
102    @aCN@b510000
105    @ay a 000yy
106    @ar
200 1  @a当代儒学@Adang dai ru xue@h第17辑@f主编杨永明
210    @a成都@c四川人民出版社@d2020.04
215    @a335页@d24cm
320    @a有书目
330    @a本书主要内容包括: 论儒家分配正义思想及其现代反思、古代儒家女性观的三次演进、国家认同与“新礼教”建构、国族认同与现代性的新“礼乐”建构、宋明理学工夫论的拓展与诠释歧异: 以耿宁与安靖如为例等。
606 0  @a儒学@Aru xue@x研究@y中国
690    @aB222.05@v5
701  0 @a杨永明,@Ayang yong ming@f1968-@4主编
801  0 @aCN@bBJXHZP@c20230222
905    @b1393207-10@dB222.05@e1032:17@f4
    
    当代儒学.第17辑/主编杨永明.-成都:四川人民出版社,2020.04
    335页;24cm
    
    
    ISBN 978-7-220-11822-7:CNY75.00
    本书主要内容包括: 论儒家分配正义思想及其现代反思、古代儒家女性观的三次演进、国家认同与“新礼教”建构、国族认同与现代性的新“礼乐”建构、宋明理学工夫论的拓展与诠释歧异: 以耿宁与安靖如为例等。
●
相关链接 在E读中查询图书 在五车中查询图书 在当当中查询图书 在豆瓣中查询图书


正题名:当代儒学     索取号:B222.05/1032:17         预约/预借

序号 登录号 条形码 馆藏地/架位号 状态 备注
1 1393207   213932075   第一样本阅览室/ [索取号:B222.05/1032:17] 在馆    
2 1393208   213932084   第一借阅区/ [索取号:B222.05/1032:17] 在馆    
3 1393209   213932093   第一借阅区/ [索取号:B222.05/1032:17] 在馆    
4 1393210   213932100   第一借阅区/ [索取号:B222.05/1032:17] 在馆    
唐山师范学院图书馆 欢迎您!
大连网信软件有限公司© 版权所有